00313nam a22001217a 4500003000400000008004100004082001800045100001400063245005600077260003300133300000800166650001700174OSt220411b ||||| |||| 00| 0 eng d a08G.02407 JNG aJUNEJA,MM aGandhi Rashtriya Pita Vs Bhagat Singh Saheedey Azam aPanchukalabModern Pubc2017 a184 aGeneral Book